000 00482nam a2200145Ia 4500
008 230917s9999||||xx |||||||||||||| ||und||
040 _e200596
_aMAIN
041 _aEnglish
082 _a891.437731 AR84H
100 _aअरूण
245 0 _aहास्य व्यंग्य कोश : हँसी का इंजेक्शन खण्ड-1
260 _aनई दिल्ली
_bनमन प्रकाशन
_c2008
300 _a320 पृ. p.
942 _cBK
999 _c160302
_d160302